00945nam a2200217 a 4500003000900000005001700009007000300026008004100029040002500070082001300095245014000108264004200248300002700290500008000317500005000397500011300447650005000560651006400610700002900674700002400703DO-SdBNP20221205100435.0ta221202e200? dr a|||gr6||| 00| u spa d aDO-SdBNPbspacBNPHU 4222bI88e00aItalianos en la República Dominicana:bhistoria y aventuras de viejos amigos. /cCompilador, Andrea Genepari, Dibujos, Bruno Olivieri a[Santo Domingo] : bALLEMANDI,c[200] a32 p. :fil. ;e33 cm. aIncluye datos biográficos del compilador en las solapas de las cubiertas. aObsequio de Embajada de Italia Santo Domingo. a200 Natalicio Juan Bautista Cambiaso. Héroe Nacional, Fundador de la Armada Dominicana. Cónsul Italiano. 4aItalianos en República DominicanaxHistoria aRepública DominicanaxCivilizaciónxInfluencia italiana1 aGeneapri, Andrea,ecomp.1 aOliveri, Brunoeil.